[Event "Dieppe op 1st"]
[Site "Dieppe"]
[Date "2000.??.??"]
[Round "2"]
[White "Stevenoot, Laurent"]
[Black "Leotard, Christophe"]
[Result "0-1"]
[WhiteElo "1499"]
[BlackElo "1990"]
[PlyCount "44"]
[EventDate "2000.08.??"]
[EventType "swiss"]
[EventRounds "7"]
[EventCountry "FRA"]
[SourceTitle "EXT 2005"]
[Source "ChessBase"]
[SourceDate "2004.11.15"]
[SourceVersion "1"]
[SourceVersionDate "2004.11.15"]
[SourceQuality "1"]

1. e4 c5 2. Nf3 Nc6 3. d4 cxd4 4. Nxd4 Nf6 5. Nc3 e5 6. Nxc6 bxc6 7. Bc4 Bb4 8. Qf3 d5 9. exd5 cxd5 10. Bb5+ Bd7 11. Bxd7+ Qxd7 12. 0-0 0-0 13. Bg5 e4 14. Qg3 Bd6 15. f4 Bc5+ 16. Kh1 Ng4 17. h3 Ne3 18. Rf2 Nf5 19. Qg4 Bxf2 20. h4 Ng3+ 21. Qxg3 Bxg3 22. Rf1 f6 0-1